Genesis of American independence, (Record no. 16028)

MARC details
000 -LEADER
fixed length control field 00772cam a22002291 4500
001 - CONTROL NUMBER
control field ca 25000990
003 - CONTROL NUMBER IDENTIFIER
control field DLC
005 - DATE AND TIME OF LATEST TRANSACTION
control field 20260227111115.0
008 - FIXED-LENGTH DATA ELEMENTS--GENERAL INFORMATION
fixed length control field 810617s1910 no 000 0 eng
010 ## - LIBRARY OF CONGRESS CONTROL NUMBER
LC control number ca 25000990
035 ## - SYSTEM CONTROL NUMBER
System control number (OCoLC)7508785
040 ## - CATALOGING SOURCE
Original cataloging agency DLC
Transcribing agency CCC
Modifying agency CCC
-- OCoLC
-- DLC
050 00 - LIBRARY OF CONGRESS CALL NUMBER
Classification number E210
Item number .K78
051 ## - LIBRARY OF CONGRESS COPY, ISSUE, OFFPRINT STATEMENT
Copy information Separate.
100 1# - MAIN ENTRY--PERSONAL NAME
Personal name Koht, Halvdan,
Dates associated with a name 1873-1965.
245 10 - TITLE STATEMENT
Title Genesis of American independence,
Statement of responsibility, etc. by Halvdan Koht.
260 ## - PUBLICATION, DISTRIBUTION, ETC.
Place of publication, distribution, etc. Kristiania,
Name of publisher, distributor, etc. J. Dybwad,
Date of publication, distribution, etc. 1910.
300 ## - PHYSICAL DESCRIPTION
Extent 23 p.
Dimensions 24 cm.
490 0# - SERIES STATEMENT
Series statement Christiania videnskabs-selskabs Forhandlinger for 1910.
Volume/sequential designation no. 3
500 ## - GENERAL NOTE
General note "Paper read before the Christiania society of arts and sciences, February 25, 1910."
651 #0 - SUBJECT ADDED ENTRY--GEOGRAPHIC NAME
Geographic name United States
General subdivision History
Chronological subdivision Revolution, 1775-1783
General subdivision Causes.

No items available.

Powered by Koha